|
|
|
|
| LEADER |
00000nab#a22000007a#4500 |
| 001 |
arbauad041426 |
| 003 |
AR-BaUAD |
| 005 |
20250711113235.0 |
| 008 |
991110|||||||||###||||||b###|0###a|spa|| |
| 040 |
|
|
|a AR-BaUAD
|c AR-BaUAD
|b spa
|
| 100 |
|
|
|a Hedge, Alan
|
| 245 |
|
|
|a Effects of keyboard tray geometry on upper body posture and comfort /
|c Alan Hedge; Singe Morimoto; Daniel McCrobie;
|
| 300 |
0 |
|
|b il., vistas, fot., cuadros
|
| 653 |
|
|
|a ERGONOMIA
|
| 653 |
|
|
|a ANTROPOMETRIA
|
| 653 |
|
|
|a PUESTOS DE TRABAJO
|
| 653 |
|
|
|a COMPUTADORAS
|
| 653 |
|
|
|a TECLADOS
|
| 653 |
|
|
|a POSTURAS
|
| 653 |
|
|
|a DISEÑO INDUSTRIAL
|
| 700 |
1 |
|
|a Morimoto, Singe
|
| 700 |
1 |
|
|a McCrobie, Daniel
|
| 773 |
0 |
|
|t ERGONOMICS
|g no. 10 [oct. 1999], p. 1333-1349
|
| 942 |
|
|
|c ARTI
|
| 952 |
|
|
|0 0
|1 0
|4 0
|7 0
|9 86345
|a AR-BAuAD
|b AR-BAuAD
|d 2025-07-11
|l 0
|p AAQA041426
|r 2025-07-11 11:32:35
|w 2025-07-11
|y ARTI
|
| 990 |
|
|
|a DI199
|b TD
|
| 998 |
|
|
|a AAQ
|b BIBUN76
|
| 999 |
|
|
|c 66018
|d 66018
|